Advanced Optical And Wireless Communications Systems (Record no. 370400)

MARC details
000 -LEADER
fixed length control field 00395 a2200157 4500
005 - DATE AND TIME OF LATEST TRANSACTION
control field 20260312113321.0
008 - FIXED-LENGTH DATA ELEMENTS--GENERAL INFORMATION
fixed length control field 260312b |||||||| |||| 00| 0 eng d
020 ## - INTERNATIONAL STANDARD BOOK NUMBER
International Standard Book Number 9783030984939
041 ## - LANGUAGE CODE
Language code of text/sound track or separate title English
100 ## - MAIN ENTRY--PERSONAL NAME
Author Djordjevic I.
245 ## - TITLE STATEMENT
Title Advanced Optical And Wireless Communications Systems
250 ## - EDITION STATEMENT
Edition statement 2nd ed.
260 ## - PUBLICATION, DISTRIBUTION, ETC.
Name of publisher, distributor, etc. Springer
Date of publication, distribution, etc. 2022
300 ## - PHYSICAL DESCRIPTION
Extent 782
942 ## - ADDED ENTRY ELEMENTS (KOHA)
Koha item type Books
Holdings
Withdrawn status Lost status Source of classification or shelving scheme Damaged status Not for loan Home library Current library Date acquired Vendor Net Price Total Checkouts Full call number Barcode Date last seen Actual Price Bill Date Koha item type
    Dewey Decimal Classification   Library Copy Cummins College of Engineering for Women Pune Cummins College of Engineering for Women Pune 13/02/2026 87 6075.24   621.389 DJO CCEP-BK-70383 13/02/2026 8678.92 13/02/2026 Books
    Dewey Decimal Classification   Reference Cummins College of Engineering for Women Pune Cummins College of Engineering for Women Pune 11/02/2026 87 6075.24   621.389 DJO CCEP-BK-70358 11/02/2026 8678.92 11/02/2026 Books